[Event "7th Altibox Norway Chess 2019"]
[Site "Stavanger"]
[Date "2019.06.04"]
[Round "1.1"]
[White "Aronian, Levon"]
[Black "Grischuk, Alexander"]
[Result "1/2-1/2"]
[WhiteElo "2752"]
[BlackElo "2775"]
[Annotator "TA"]
[PlyCount "69"]
[EventDate "2019.06.04"]
[EventType "tourn"]
[EventCountry "NOR"]
[SourceTitle "playchess.com"]
[Source "ChessBase"]
[SourceQuality "1"]

{[%evp 9,69,0,12,0,14,14,14,10,15,0,9,3,14,6,15,0,0,4,6,10,37,-15,-13,-33,-10,-16,0,-2,-6,-12,-6,-7,-18,-53,0,0,0,-9,-7,-18,-4,-9,-4,-4,-6,-14,0,-6,6,22,0,0,0,0,0,0,0,0,0,0,0,-8]} 1. c4 c5 2. g3 g6 3. Bg2 Bg7 4. Nc3 Nc6 5. d3 d6 6. Qd2 {A36: Symmetrical English vs ...g6: 4 Bg2 Bg7} (6. e3 Nf6 7. Nge2 Bd7 8. b3 Qc8 9. h3 O-O 10. Bb2 a6 11. Qd2 Rb8 12. Rd1 b5 13. Nf4 Re8 14. Ncd5 e5 15. Nxf6+ Bxf6 16. Nd5 Bg7 17. Ba1 Ne7 18. Nxe7+ Rxe7 19. h4 h5 20. O-O {½-½ (20) Rakhmanov,A (2653)-Mamedov,R (2709) Riadh 2017}) 6... Qd7 7. b3 b6 8. Bb2 Bb7 9. Nd5 e5 10. f4 $146 ({Predecessor:} 10. e3 Nge7 11. Ne2 Nxd5 12. Bxd5 Ne7 13. Bxb7 Qxb7 {0-1 (31) Hansen,S (2583)-Hillarp Persson,T (2546) Malmo 2018}) 10... Nge7 11. e4 Nxd5 12. cxd5 Nd4 13. Nf3 Nxf3+ 14. Bxf3 Qe7 15. h4 (15. O-O $14) 15... f5 16. h5 O-O-O 17. O-O-O exf4 18. gxf4 Bxb2+ 19. Qxb2 {[#] Black must now prevent hxg6.} Rhf8 20. Rde1 Qf7 21. Rh4 Qe7 ({Black should play} 21... fxe4 $15 22. hxg6 (22. dxe4 Qe7 $15) 22... Qxg6 23. Bxe4 Qg3) 22. Rhh1 $11 {The position is equal.} Qf7 23. Ref1 Kb8 24. Rhg1 fxe4 25. Bxe4 {[%cal Rh5g6]} Bxd5 26. hxg6 hxg6 27. Bxg6 Qf6 (27... Qe6 {seems wilder.} 28. f5 Qe3+ 29. Qd2 Qd4 30. Kc2 Qf6) 28. f5 Rd7 29. Qxf6 Rxf6 30. Bh5 Kc7 31. Rg6 Rdf7 32. Rxf6 Rxf6 33. Bg6 Kd7 34. Kd2 Rf8 35. d4 {Accuracy: White = 57%, Black = 54%.} 1/2-1/2

[Event "7th Altibox Norway Chess 2019"]
[Site "Stavanger"]
[Date "2019.06.04"]
[Round "1.2"]
[White "Carlsen, Magnus"]
[Black "Anand, Viswanathan"]
[Result "1/2-1/2"]
[WhiteElo "2875"]
[BlackElo "2767"]
[Annotator "TA"]
[PlyCount "116"]
[EventDate "2019.06.04"]
[EventType "tourn"]
[EventCountry "NOR"]
[SourceTitle "playchess.com"]
[Source "ChessBase"]
[SourceQuality "1"]

{[%evp 18,116,29,0,0,0,0,-2,0,0,0,0,0,0,10,6,20,17,33,37,29,33,38,25,41,30,62,48,90,78,90,82,99,85,81,81,82,78,61,20,14,17,11,7,6,7,7,8,20,28,25,21,34,27,38,38,43,42,64,54,74,74,79,24,24,12,12,8,8,8,8,8,8,7,24,7,7,7,8,8,8,8,8,0,8,8,8,8,8,8,8,8,8,8,8,8,8,8,8,8,8]} 1. d4 Nf6 2. c4 e6 3. Nf3 d5 4. Nc3 dxc4 5. e4 Bb4 6. Bg5 c5 7. Bxc4 cxd4 8. Nxd4 Bxc3+ 9. bxc3 Qa5 10. Nb5 {aiming for Qd6.} (10. Bxf6 $5 Qxc3+ {[%mdl 64] Double Attack} 11. Kf1 gxf6 12. Rc1 $14) 10... Nxe4 {Hoping for ...a6. D39: Queen's Gambit Declined: Ragozin Defence with 5 Bg5 dxc4} 11. Qd4 {[%mdl 64] [#] Double Attack} O-O 12. Qxe4 a6 $1 {[%cal Ra6b5]} 13. O-O $146 {Threatens to win with Be7.} ({Predecessor:} 13. Be7 axb5 14. Bb4 Qc7 15. Bxf8 Kxf8 16. Bb3 Qxc3+ 17. Ke2 Qb2+ 18. Ke3 Qc3+ 19. Ke2 Qb2+ 20. Ke3 Qc3+ 21. Ke2 Qb2+ {½-½ (21) Zhou,J (2613)-Wei,Y (2727) China 2017}) 13... axb5 14. Bd3 {[%csl Gd3][%cal Re4h7]} f5 15. Qe2 Nc6 16. Bd2 Qc7 17. Bxb5 f4 18. f3 e5 19. Rfe1 Bd7 20. a4 Kh8 21. Rad1 Rae8 22. Bc1 e4 23. fxe4 Ne5 {[%cal Bc6e5,Be5d7,Bd7c5][%mdl 32] [#] ...Bg4 is the strong threat.} 24. Bxd7 Nxd7 25. Rf1 Nc5 26. Ba3 {Strongly threatening Qb5.} Rxe4 27. Qb5 Re5 28. Rde1 {Black must now prevent Rxe5.} (28. Bxc5 {with more complications.} Rxc5 29. Rxf4 Qxf4 30. Qxc5 h6 31. h3) 28... Rc8 29. Rxe5 (29. Qc4 {looks sharper.} Rxe1 30. Rxe1 h6 31. Rf1 Qb6 32. Kh1) 29... Qxe5 30. Bxc5 Qxc5+ 31. Qxc5 Rxc5 32. Rxf4 $11 {[%cal Rf4f8][%mdl 4096] Endgame KR-KR} h6 33. Rf3 Kg8 34. Rd3 Ra5 35. Rd7 Rxa4 36. Rxb7 Ra2 37. h4 Kh7 38. Kh2 Rd2 39. Rc7 Kg6 40. Kg3 (40. Kh3 $16) 40... Kh5 $1 41. Rc5+ g5 $1 42. Kh3 {Black should prevent g4+.} Rd3+ 43. g3 Re3 44. Kg2 Rd3 45. Rc4 Re3 46. hxg5 hxg5 {The position is equal.} 47. Kh3 Rd3 48. Rc8 g4+ 49. Kg2 Rd2+ 50. Kf1 Rc2 51. c4 Kg5 52. c5 Kf6 53. c6 Ke7 54. c7 Kd6 55. Rd8+ Kxc7 56. Rd4 Kc6 57. Kg1 Kc5 58. Rxg4 Kd5 {Accuracy: White = 82%, Black = 55%.} 1/2-1/2

[Event "7th Altibox Norway Chess 2019"]
[Site "Stavanger"]
[Date "2019.06.04"]
[Round "1.3"]
[White "Mamedyarov, Shakhriyar"]
[Black "Caruana, Fabiano"]
[Result "1/2-1/2"]
[WhiteElo "2774"]
[BlackElo "2819"]
[Annotator "TA"]
[PlyCount "63"]
[EventDate "2019.06.04"]
[EventType "tourn"]
[EventCountry "NOR"]
[SourceTitle "playchess.com"]
[Source "ChessBase"]
[SourceQuality "1"]

{[%evp 16,63,33,30,29,24,23,22,31,6,7,0,0,13,18,18,39,29,25,29,18,23,27,19,23,20,25,14,22,0,97,33,57,10,7,6,10,0,20,3,4,10,5,6,6,6,3,7,7,0]} 1. c4 e5 2. Nc3 Nf6 3. Nf3 Nc6 4. e3 d5 5. cxd5 Nxd5 6. Bb5 Nxc3 7. bxc3 Bd6 8. d4 Bd7 9. O-O O-O {A28: English Opening: Four Knights Variation} 10. Nd2 $146 ({Predecessor:} 10. Rb1 Re8 11. d5 Na5 12. e4 Bxb5 13. Rxb5 b6 14. Be3 Qd7 15. Qe2 c6 16. dxc6 Qxc6 17. Rd1 {1-0 (33) Inarkiev,E (2693)-Najer,E (2670) St Petersburg 2018}) 10... Na5 11. Bd3 f5 12. e4 f4 13. Nf3 Bg4 14. Be2 Bxf3 (14... c6 {seems wilder.} 15. Qa4 b6 16. Rd1 Qe8 17. Qc2 Qe7) 15. Bxf3 b6 16. Qe2 Qe7 17. Rd1 Rad8 18. Bd2 g6 19. Be1 Kg7 20. Rac1 h5 21. h3 c5 22. Kf1 Nc6 (22... cxd4 $11 23. cxd4 Ba3) 23. Qb5 (23. d5 $16 Na5 24. c4) 23... Rc8 $14 {[%cal Rc5d4]} 24. dxc5 (24. d5 $5 {[%cal Rd5c6]} Nd8 25. c4 $14) 24... Bxc5 {The position is equal.} 25. Rd5 Rfd8 26. Rcd1 {[#] And now Rxd8 would win.} Rd6 27. R1d3 Rcd8 28. Rxd6 Rxd6 29. Bd1 Rxd3 30. Qxd3 Na5 31. Qd5 Qd6 32. Qxd6 {Accuracy: White = 54%, Black = 61%.} 1/2-1/2

[Event "7th Altibox Norway Chess 2019"]
[Site "Stavanger"]
[Date "2019.06.04"]
[Round "1.4"]
[White "Vachier-Lagrave, Maxime"]
[Black "Yu, Yangyi"]
[Result "1/2-1/2"]
[WhiteElo "2779"]
[BlackElo "2738"]
[Annotator "TA"]
[PlyCount "85"]
[EventDate "2019.06.04"]
[EventType "tourn"]
[EventCountry "NOR"]
[SourceTitle "playchess.com"]
[Source "ChessBase"]
[SourceQuality "1"]

{[%evp 15,85,25,37,35,30,25,29,27,27,25,25,14,22,16,15,12,17,24,19,25,22,19,39,38,45,33,38,37,35,25,53,45,35,14,32,14,23,23,25,4,22,21,27,31,34,0,43,40,76,42,54,22,24,8,12,8,8,8,8,8,8,8,8,7,7,7,12,15,15,9,15,0]} 1. e4 e5 2. Nf3 Nf6 3. Nxe5 d6 4. Nf3 Nxe4 5. Nc3 Nxc3 6. dxc3 Be7 7. Be3 Nc6 8. Qd2 Be6 9. O-O-O {C42: Petroff Defence: 3 Nxe5 and unusual White 3rd moves} Qd7 ({Wrong is} 9... Bxa2 $2 10. b3 $18) 10. Kb1 Bf6 11. Ng5 {White has an edge.} Bxg5 12. Bxg5 f6 13. Bf4 $146 ({Predecessor:} 13. Be3 O-O-O 14. Be2 Rde8 15. Rhe1 Re7 16. Bf1 Rhe8 {½-½ (34) Wang,Y (2699)-Li,C (2744) Huocheng County 2017}) 13... O-O-O 14. b3 h5 15. h3 Rhe8 16. Be2 Bf7 17. g4 hxg4 18. hxg4 Re7 19. g5 Rde8 20. Bf1 Be6 21. gxf6 gxf6 22. Be3 Rh7 23. Rxh7 Qxh7 24. c4 Bf5 25. Kb2 Qe7 26. Qc3 Qe5 27. Be2 Nb4 28. Qxe5 fxe5 29. c3 ({Don't play} 29. Bxa7 Nxc2 30. Bh5 Rf8 $15) 29... Nc6 30. Bf3 a6 31. c5 dxc5 32. Bxc5 (32. Bxc6 $5 bxc6 33. c4 $16) 32... Rd8 33. Rxd8+ (33. Rg1 {feels hotter.} e4 34. Bh5 Ne5 35. Be3 Nd3+ 36. Kc2) 33... Nxd8 $14 {[%mdl 4096] Endgame KBB-KBN} 34. c4 Ne6 {The position is equal.} 35. Be3 c5 36. a3 a5 37. Kc3 Kc7 38. Bd1 b6 39. b4 axb4+ 40. axb4 cxb4+ 41. Kxb4 Nd4 42. Bh6 Ne6 43. Be3 {Accuracy: White = 44%, Black = 58%.} 1/2-1/2

[Event "7th Altibox Norway Chess 2019"]
[Site "Stavanger"]
[Date "2019.06.04"]
[Round "1.5"]
[White "Ding, Liren"]
[Black "So, Wesley"]
[Result "1/2-1/2"]
[WhiteElo "2805"]
[BlackElo "2754"]
[Annotator "TA"]
[PlyCount "70"]
[EventDate "2019.06.04"]
[EventType "tourn"]
[EventCountry "NOR"]
[SourceTitle "playchess.com"]
[Source "ChessBase"]
[SourceQuality "1"]

{[%evp 20,70,18,14,18,11,14,11,10,11,11,11,11,16,12,14,19,14,17,11,20,9,11,11,10,10,9,10,21,20,26,22,18,19,25,22,20,16,20,11,11,18,14,12,11,8,14,8,8,8,8,0,8]} 1. d4 d5 2. c4 e6 3. Nf3 Nf6 4. g3 dxc4 5. Bg2 c5 6. O-O Nc6 7. dxc5 Qxd1 8. Rxd1 Bxc5 9. Nbd2 c3 10. bxc3 O-O 11. Nb3 Be7 {E04: Open Catalan: 5 Nf3} 12. Bb2 $146 ({Predecessor:} 12. c4 Bd7 {½-½ (30) Cheparinov,I (2710)-Anand,V (2782) Riadh 2017}) 12... Bd7 13. c4 Rfd8 14. Nfd4 Rac8 15. Nb5 b6 16. Nd6 Bxd6 17. Rxd6 Be8 18. Rxd8 Nxd8 19. Rc1 Bc6 20. c5 (20. f3 {is interesting.} Ba4 21. f4 Bc6 22. c5 Bxg2 23. Kxg2 Ne4 24. cxb6 Rxc1 25. Bxc1 axb6 26. Kf3) 20... Bxg2 21. Kxg2 Nd7 {[%cal Rd7c5]} 22. cxb6 Rxc1 23. Bxc1 axb6 $11 {[%mdl 4096] Endgame KBN-KNN} 24. Kf3 Nc6 25. Ke3 Kf8 26. Kd3 b5 27. Ba3+ Ke8 $1 {The position is equal.} 28. f4 f5 29. e4 fxe4+ 30. Kxe4 Nf6+ 31. Kf3 e5 32. f5 Kf7 33. Bb2 g6 34. fxg6+ Kxg6 35. h3 h5 {Accuracy: White = 82%, Black = 78%.} 1/2-1/2

[Event "7th Altibox Norway Chess 2019"]
[Site "Stavanger"]
[Date "2019.06.05"]
[Round "2"]
[White "Caruana, Fabiano"]
[Black "Vachier-Lagrave, Maxime"]
[Result "1-0"]
[WhiteElo "2819"]
[BlackElo "2779"]
[Annotator "TA"]
[PlyCount "119"]
[EventDate "2019.06.04"]
[EventType "tourn"]
[EventCountry "NOR"]
[SourceTitle "playchess.com"]
[Source "ChessBase"]
[SourceQuality "1"]

{[%evp 18,119,0,0,15,15,15,25,15,18,14,41,27,-39,80,84,75,77,86,83,84,83,77,77,68,68,83,77,81,81,83,69,88,85,88,82,93,86,67,21,22,22,32,23,72,0,9,9,12,0,0,0,27,50,91,3,106,93,101,45,52,8,8,8,9,8,125,115,207,207,199,194,3654,2582,6179,5991,6149,5189,6589,5575,29959,29958,29958,29955,29959,29961,29963,29963,29964,29965,29965,29966,29966,29967,29964,29967,29963,29965,29963,29963,29966,29967,10847,4622]} 1. e4 c5 2. Nf3 d6 3. d4 cxd4 4. Nxd4 Nf6 5. Nc3 a6 6. Bg5 e6 7. f4 Qb6 8. Qd2 Qxb2 9. Rb1 Qa3 10. f5 Be7 {B97: Sicilian Najdorf: Poisoned Pawn} 11. fxe6 Bxe6 12. Nxe6 fxe6 {White has an edge.} 13. Bc4 $1 {[%cal Rc4e6]} Nbd7 {Hoping for ...Nc5.} 14. Bxe6 ({Reject} 14. Rxb7 Nc5 $17) 14... Nc5 {[#]} 15. Bc4 $146 (15. Bf5 $11) ({Predecessor:} 15. Bf5 g6 16. O-O gxf5 17. Rxf5 Rf8 18. Bxf6 Bxf6 {½-½ (30) Wen,Y (2596)-Li,C (2725) Hangzhou 2018}) 15... Ncxe4 (15... Rc8 $15 {keeps the upper hand.}) 16. Nxe4 $16 Nxe4 17. Bf7+ $1 {[%mdl 64] Decoy} Kxf7 18. Qd5+ {[%mdl 64] Double Attack} Ke8 19. Qxe4 {[%csl Gg5][%cal Re4e7]} Qa5+ 20. Kd1 $1 {[%csl Gg5][%cal Re4e7]} ({Don't play} 20. Bd2 Qe5 $11) 20... Qxg5 21. Rxb7 Rf8 {And now ...Rc8 would win.} 22. Re1 {[%cal Rb7e7]} Rf7 {[#]} 23. Rxe7+ $1 {[%mdl 512]} Rxe7 24. Qxa8+ {[%mdl 4160] Endgame Double Attack. KQR-KQR} Kf7 25. Rf1+ Kg6 {With the idea ...Re5.} 26. Qxa6 Qe5 27. Qd3+ Kh6 28. c3 Qxh2 29. Qd2+ Kg6 $1 30. Rf4 Re6 31. Qc2+ (31. a4 $16) 31... Kh6 $11 {( -> ...Qg1+)} 32. Qf2 $36 {[%mdl 2048] Threatens to win with Rh4+. White has some pressure.} Qh5+ 33. Kd2 {Strongly threatening Rh4.} Qd5+ 34. Kc1 g6 (34... g5 $5 {[%cal Rg5f4]} 35. Ra4 Qd3 36. Qf8+ Kg6 37. Qg8+ {[%mdl 64] Double Attack} Kf6 38. Qf8+ Kg6 39. Qg8+ {[%mdl 64] Double Attack} Kf6 40. Qf8+ Kg6 $11) 35. a4 Qe5 36. Kc2 (36. Kb2 $1 $16) 36... g5 (36... Qe2+ $11 37. Qxe2 Rxe2+ 38. Kb3 Rxg2) 37. Rd4 $16 Kg6 38. Qf3 (38. Kb3 $16) 38... h5 $1 $14 39. Rd5 Qe2+ 40. Qxe2 $1 Rxe2+ $11 {KR-KR} 41. Rd2 Re6 (41... Re8 $11 {keeps the balance.}) 42. a5 $16 h4 (42... Kf6 $16 {was necessary.} 43. Kb3 Ke7) 43. Kb3 $18 g4 44. Kb4 $1 Re1 $2 (44... d5 45. Kb5 h3) 45. Ra2 $1 Rb1+ 46. Kc4 h3 47. gxh3 gxh3 48. a6 Rb8 49. Kd5 Ra8 50. Kxd6 h2 51. Rxh2 Rxa6+ 52. Kd5 Kf7 {[#]} 53. Re2 $1 Ra8 54. c4 Rd8+ 55. Kc6 Rc8+ {[#]} 56. Kb5 $1 Rb8+ 57. Ka6 Rc8 58. Re4 Kf6 59. Kb7 Kf5 60. Rd4 {Accuracy: White = 75%, Black = 45%.} 1-0

[Event "7th Altibox Norway Chess 2019"]
[Site "Stavanger"]
[Date "2019.06.05"]
[Round "2"]
[White "Grischuk, Alexander"]
[Black "So, Wesley"]
[Result "1/2-1/2"]
[WhiteElo "2775"]
[BlackElo "2754"]
[Annotator "TA"]
[PlyCount "30"]
[EventDate "2019.06.04"]
[EventType "tourn"]
[EventCountry "NOR"]
[SourceTitle "playchess.com"]
[Source "ChessBase"]
[SourceQuality "1"]

{[%evp 27,30,0,6,0,0]} 1. e4 e5 2. Nf3 Nc6 3. Bb5 Nf6 4. O-O Nxe4 5. d4 Nd6 6. dxe5 Nxb5 7. a4 Nbd4 8. Nxd4 d5 $146 ({Predecessor:} 8... Nxd4 9. Qxd4 d5 {½-½ (14) Vallejo Pons,F (2713)-Andreikin,D (2723) Porto Carras 2018}) 9. exd6 Nxd4 10. Qxd4 Qxd6 11. Qe4+ Qe6 12. Qd4 Qd6 13. Qe4+ Qe6 14. Qd4 Qd6 15. Qe4+ {C67: Ruy Lopez: Berlin Defence: 4 0-0 Nxe4} Qe6 1/2-1/2

[Event "7th Altibox Norway Chess 2019"]
[Site "Stavanger"]
[Date "2019.06.05"]
[Round "2"]
[White "Anand, Viswanathan"]
[Black "Mamedyarov, Shakhriyar"]
[Result "0-1"]
[WhiteElo "2767"]
[BlackElo "2774"]
[Annotator "TA"]
[PlyCount "68"]
[EventDate "2019.06.04"]
[EventType "tourn"]
[EventCountry "NOR"]

{[%evp 13,68,25,20,0,0,8,22,0,23,38,24,24,24,24,27,24,24,17,20,19,40,9,9,23,8,10,10,11,14,12,9,12,13,12,10,0,6,0,9,4,7,7,8,10,18,15,30,0,41,-21,-21,0,0,-195,-202,-613,-597]} 1. e4 c5 2. Nf3 Nc6 3. Bb5 g6 4. Bxc6 bxc6 5. O-O Bg7 6. Re1 Nh6 7. c3 O-O 8. h3 {B31: Sicilian: 2...Nc6 3 Bb5 g6} f5 9. e5 Nf7 10. d3 {The position is equal.} Rb8 11. b3 d6 {[%cal Rf7e5]} 12. Bf4 $1 h6 $146 ({Predecessor:} 12... Qc7 13. Qe2 Nd8 14. Nbd2 Ne6 15. Qe3 Nxf4 16. Qxf4 {½-½ (49) Inarkiev,E (2702)-Gelfand,B (2729) Nazran 2017}) 13. h4 e6 {White should prevent ...g5.} 14. exd6 {And now d7! would win.} g5 $1 {[%cal Rg5f4]} 15. Be5 Nxe5 16. Nxe5 Qxd6 17. Qe2 Bxe5 18. Qxe5 Qxe5 19. Rxe5 Rd8 $1 20. Rxc5 Rxd3 {With the idea ...Rd1+.} 21. Na3 Bd7 22. Ra5 Rb7 23. hxg5 hxg5 24. c4 Kg7 25. c5 Kf6 26. Nc4 e5 27. Nd6 Rc7 28. f3 Ke6 29. Re1 $36 {[%mdl 2048] White is pushing.} Rd5 30. b4 Rd4 31. a3 ({White should play} 31. Ra3 $14) 31... g4 $11 32. Ra6 {[#] Threatens to win with Nb5.} Kd5 $1 33. Nf7 $2 (33. fxg4 $11 {and White has nothing to worry.} fxg4 34. Kf2) 33... e4 $19 34. fxg4 $2 (34. fxe4+ fxe4 35. b5 Kxc5 36. a4) 34... Bc8 {Accuracy: White = 51%, Black = 82%.} 0-1

[Event "7th Altibox Norway Chess 2019"]
[Site "Stavanger"]
[Date "2019.06.05"]
[Round "2"]
[White "Aronian, Levon"]
[Black "Carlsen, Magnus"]
[Result "1/2-1/2"]
[WhiteElo "2752"]
[BlackElo "2875"]
[Annotator "TA"]
[PlyCount "136"]
[EventDate "2019.06.04"]
[EventType "tourn"]
[EventCountry "NOR"]

{[%evp 9,136,30,27,29,40,30,31,0,6,0,0,3,46,34,29,45,72,67,68,71,113,118,136,134,136,113,130,113,143,108,118,105,138,149,147,145,151,151,153,138,152,147,154,125,125,125,122,114,125,114,115,115,127,127,127,125,125,125,125,133,118,118,110,109,129,118,124,124,134,123,124,123,121,79,135,116,118,130,158,169,347,167,168,171,245,234,255,257,253,245,366,379,552,488,744,744,672,638,566,53,77,76,84,126,83,70,65,0,0,0,0,0,0,0,0,0,0,0,0,0,0,0,0,0,0,0,0,0,0]} 1. e4 c5 2. Nf3 Nc6 3. Bb5 g6 4. Bxc6 dxc6 5. d3 Qc7 (5... Bg7 6. h3 Nf6 7. Nc3 Nd7 8. Be3 e5 9. Qd2 h6 10. O-O b6 11. a3 Nf8 12. b4 Ne6 13. bxc5 f5 14. exf5 gxf5 15. Qe1 O-O 16. Rb1 e4 17. dxe4 {0-1 (36) Wang,H (2730)-Carlsen,M (2835) St Petersburg 2018}) 6. O-O {B31: Sicilian: 2...Nc6 3 Bb5 g6} e5 7. Be3 Nf6 8. Qe1 $146 {White is slightly better.} ({Predecessor:} 8. h3 b6 9. Nc3 Bg7 10. Qd2 h6 11. a3 a5 12. Nh2 Nh5 13. Ne2 {½-½ (36) Hairapetian,A-Alaverdyan,L Yerevan 2005}) 8... Bg4 9. Nbd2 Nh5 10. a3 Be7 11. Qb1 Nf4 12. b4 $36 {[%mdl 2048] White has some pressure.} Ne2+ 13. Kh1 Nd4 14. Ng1 g5 15. bxc5 Bxc5 16. Bxg5 Rg8 17. Bh4 $1 Be7 18. Bg3 O-O-O 19. Nc4 f6 20. a4 Ne6 21. f3 Bh5 22. Bf2 Bc5 23. Bxc5 Nxc5 24. Ne2 Bf7 {intending ...Bxc4.} 25. Ne3 Qa5 {Black wants to play ...Qd2.} 26. Qe1 Qxe1 27. Rfxe1 a5 28. Kg1 h5 29. h4 Kc7 30. Kf2 Be6 31. Rg1 Rh8 32. Rh1 Rd7 33. Rhd1 Bf7 34. d4 exd4 35. Rxd4 ({Don't take} 35. Nxd4 Rhd8 $14) 35... Rxd4 36. Nxd4 Rd8 37. Ne2 Rd2 38. Ke1 Rd8 39. Nf5 Ra8 40. Nc3 Be6 41. Ne3 Kd6 (41... Rd8 $142) 42. Rd1+ Ke7 43. Rd4 Ra6 44. Kd2 Rb6 $2 {[#]} (44... Ra8 45. Ne2 Rd8) 45. Nf5+ (45. Rd5 $142 $1 {[%mdl 512]} cxd5 46. Ncxd5+ Kd7 47. Nxb6+ Kd6 48. Nbc4+ Kd7 49. Nxa5) 45... Bxf5 46. exf5 $18 {[%mdl 4096] Endgame KRN-KRN} Rb2 (46... Kf7 {was worth a try.} 47. Rf4 Rb2) 47. Rc4 Kd6 48. Ne4+ Nxe4+ 49. Rxe4 {KR-KR} Ra2 (49... Rb1 {keeps fighting.} 50. Re6+ Kd5 51. Rxf6 Rb4) 50. g4 hxg4 (50... Ra3 {is a better defense.} 51. g5 (51. gxh5 Rxf3 52. Re6+ {[%mdl 64] Double Attack} Kd5 $11) 51... fxg5) 51. fxg4 Kd5 (51... Ra3 $142 52. Re6+ Kd5) 52. Kd3 Ra3+ 53. c3 b5 {[#]} 54. h5 $2 (54. g5 $1 $18) 54... b4 {[#]} 55. Rd4+ $1 Ke5 56. Rc4 Rxa4 57. h6 ({But not} 57. Rxc6 $6 bxc3 58. Rxc3 Rxg4 $11) 57... Ra1 $1 58. cxb4 (58. Re4+ $14 Kd5 59. g5) 58... axb4 $11 {The position is equal.} 59. Rxc6 Ra3+ 60. Kc4 Rc3+ 61. Kb5 {Hoping for g5.} Rh3 62. Kxb4 Rxh6 63. Kc5 Rh1 64. Re6+ Kf4 65. Rxf6 {Rg6 is the strong threat.} Kxg4 66. Kd6 Kg5 67. Ke7 Ra1 {( -> ...Ra7+)} 68. Rf8 Ra7+ {Accuracy: White = 67%, Black = 62%.} 1/2-1/2

[Event "7th Altibox Norway Chess 2019"]
[Site "Stavanger"]
[Date "2019.06.05"]
[Round "2"]
[White "Yu, Yangyi"]
[Black "Ding, Liren"]
[Result "1/2-1/2"]
[WhiteElo "2738"]
[BlackElo "2805"]
[Annotator "TA"]
[PlyCount "87"]
[EventDate "2019.06.04"]
[EventType "tourn"]
[EventCountry "NOR"]

{[%evp 20,87,16,0,12,0,0,12,20,20,22,20,20,17,33,18,20,20,21,20,20,20,27,38,32,26,45,44,58,32,27,31,37,33,30,8,10,10,11,12,10,12,19,12,15,12,10,10,6,6,14,10,11,12,12,13,16,22,24,25,56,8,8,8,8,0,0,0,0,0]} 1. d4 Nf6 2. c4 ({Predecessor:} 2. Nf3 e6 3. g3 c5 4. Bg2 cxd4 5. O-O d5 6. Nxd4 e5 7. Nf3 Nc6 8. c4 {½-½ (38) Vogel,J (2166)-Berkovich,M (2359) Groningen 2012}) 2... e6 3. g3 c5 4. Nf3 cxd4 5. Nxd4 d5 6. Bg2 e5 7. Nf3 d4 8. O-O Nc6 9. e3 Be7 10. exd4 exd4 11. Bf4 Be6 {E01: Catalan: Early deviations} 12. Nbd2 {[%cal Bb1d2,Bd2f3,Bf3e5][%mdl 32]} O-O 13. Re1 $146 (13. Ne5 Qb6 14. Qb3 Rac8 15. Qxb6 axb6 16. Rac1 Rfd8 17. Rfe1 Nd7 18. Nxd7 Rxd7 19. Bd5 {1-0 (78) Lenderman,A (2630)-Vidit,S (2711) chess.com INT 2018}) 13... Qd7 14. a3 a5 15. Ne5 Nxe5 16. Bxe5 Ng4 17. Nf3 Nxe5 18. Nxe5 Qd6 19. Rc1 {With the idea c5.} Rac8 20. Bxb7 Rc5 21. Bd5 Bxd5 22. cxd5 Qxd5 23. Rxc5 Bxc5 24. Qf3 (24. Nd3 {looks sharper.} Bd6 25. Qg4 f5 26. Qd1 f4 27. Qg4) 24... Qxf3 25. Nxf3 $14 {[%mdl 4096] Endgame KRB-KRN} f6 26. Rc1 Bb6 27. Ne1 Kf7 28. Nd3 Ke7 29. Rc6 Rb8 30. Kg2 Kd7 31. Rc2 Ba7 32. b4 axb4 33. axb4 Bb6 34. Kf3 Ra8 35. Ke4 Ra3 $1 {[#] White must now prevent ...f5+!} 36. Nc5+ Bxc5 37. Rxc5 $11 {KR-KR} Ra2 38. Rh5 h6 39. f4 Rb2 40. Rd5+ Kc6 {[#] And now ...Re2+ would win.The position is equal.} 41. Rxd4 Rxh2 42. Kf5 Rg2 43. g4 g5 44. fxg5 {Accuracy: White = 70%, Black = 73%.} 1/2-1/2

[Event "7th Altibox Norway Chess 2019"]
[Site "Stavanger"]
[Date "2019.06.06"]
[Round "3.1"]
[White "Carlsen, Magnus"]
[Black "Grischuk, Alexander"]
[Result "1-0"]
[WhiteElo "2875"]
[BlackElo "2775"]
[Annotator "TA"]
[PlyCount "67"]
[EventDate "2019.06.04"]
[EventType "tourn"]
[EventCountry "NOR"]
[SourceTitle "playchess.com"]
[Source "ChessBase"]
[SourceQuality "1"]

{[%evp 20,67,38,37,50,27,34,12,15,7,16,-16,21,16,38,27,40,26,60,65,87,60,77,70,131,123,139,138,149,88,320,325,403,402,444,277,441,444,420,427,364,275,458,451,923,916,890,886,29994,29995]} 1. d4 Nf6 2. c4 g6 3. Nc3 d5 4. cxd5 Nxd5 5. e4 Nxc3 6. bxc3 Bg7 7. Be3 c5 8. Rc1 Qa5 9. Qd2 O-O 10. Nf3 Bg4 11. d5 b5 {D85: Exchange Grünfeld: Unusual White 7th moves and lines with 7 Nf3} (11... Nd7 12. c4 Qa3 13. Be2 Bxf3 14. Bxf3 Bd4 15. Bxd4 cxd4 16. O-O Ne5 17. Qxd4 Nxf3+ 18. gxf3 Qxf3 19. Rc3 {0-1 (40) Kramnik,V (2783)-Grischuk,A (2792) Stavanger 2014}) 12. Be2 Nd7 13. O-O (13. c4 {feels hotter.} b4 14. O-O Rad8 15. Qc2 Rfe8 16. h3) 13... Bxf3 {The position is equal.} 14. Bxf3 c4 15. Be2 Rfd8 $146 ({Predecessor:} 15... Qa3 16. f4 Nc5 17. e5 Rad8 18. Bf3 f6 19. e6 {1-0 (32) Kantorik,M (2289)-Hlas,J (2207) Zvolen 2000}) 16. f4 Nb6 17. Bf3 Qa3 18. h4 e6 19. h5 Na4 {[%cal Rg7c3]} 20. hxg6 hxg6 {[%cal Ra4c3]} 21. f5 exf5 (21... Bxc3 $14 22. Qf2 exf5) 22. exf5 $16 Qd6 (22... gxf5 23. Bh5 $14) 23. Bf4 $36 {[%mdl 2048] White is on the roll.} Qb6+ {[#]} 24. Kh1 $1 gxf5 $2 (24... Qf6 $16 {might work better.}) 25. d6 $18 Rab8 26. Bd5 (26. d7 Nc5 $18) 26... Nc5 27. Bg3 {And now Bxf7+! would win.} Ne6 (27... Ne4 $142 28. Bxe4 fxe4) 28. Rxf5 Rxd6 29. Bxd6 Qxd6 30. Qe3 Qb6 $2 (30... b4 31. Qf3 (31. Bxc4 bxc3 32. Bd5 a6 $16) (31. Qxa7 Rf8 $18) 31... Rd8 32. Bxc4 Qe7) 31. Qf3 Rf8 (31... Rd8 $142 32. Rf1 Qd6) 32. Rf1 {[%cal Rf5f7]} Nd8 33. Rh5 {[#] White threatens Qe4 and mate.} Qc7 34. Qe4 {Accuracy: White = 74%, Black = 22%.} 1-0